| 000 | 01476nam a22003614a 4500 | ||
|---|---|---|---|
| 001 | ebr5000262 | ||
| 003 | CaPaEBR | ||
| 006 | m u | ||
| 007 | cr cn||||||||| | ||
| 008 | 000525s2000 ne sb 001 0 eng | ||
| 010 | _z 00042898 | ||
| 020 | _z9027241325 (Eur. : alk. paper) | ||
| 020 | _z1556199546 (US : alk. paper) | ||
| 040 |
_aCaPaEBR _cCaPaEBR |
||
| 035 | _a(OCoLC)70730439 | ||
| 050 | 1 | 4 |
_aP118 _b.S17 2000eb |
| 082 | 0 | 4 |
_a401/.93 _221 |
| 100 | 1 | _aSalaberry, M. Rafael. | |
| 245 | 1 | 4 |
_aThe development of past tense morphology in L2 Spanish _h[electronic resource] / _cM. Rafael Salaberry. |
| 260 |
_aAmsterdam ; _aPhiladelphia : _bJ. Benjamins Pub. Co., _cc2000. |
||
| 300 | _aix, 210 p. | ||
| 490 | 1 |
_aStudies in bilingualism, _x0928-1533 ; _vv. 22 |
|
| 504 | _aIncludes bibliographical references (p. [193]-206) and indexes. | ||
| 533 |
_aElectronic reproduction. _bPalo Alto, Calif. : _cebrary, _d2013. _nAvailable via World Wide Web. _nAccess may be limited to ebrary affiliated libraries. |
||
| 650 | 0 | _aLanguage acquisition. | |
| 650 | 0 |
_aGrammar, Comparative and general _xAspect. |
|
| 650 | 0 |
_aGrammar, Comparative and general _xTense. |
|
| 650 | 0 |
_aSpanish language _xAcquisition. |
|
| 655 | 7 |
_aElectronic books. _2local |
|
| 710 | 2 | _aebrary, Inc. | |
| 830 | 0 |
_aStudies in bilingualism ; _vv. 22. |
|
| 856 | 4 | 0 |
_uhttp://site.ebrary.com/lib/rucke/Doc?id=5000262 _zAn electronic book accessible through the World Wide Web; click to view |
| 999 |
_c2736 _d2736 |
||